Menaud Maître-draveur
I tiakina i:
| Kaituhi matua: | |
|---|---|
| Hōputu: | Pukapuka |
| Reo: | Wīwī |
| I whakaputaina: |
Montreal
Fides
1978
|
| Rangatū: | Bibliothèque Canadienne-Française
|
| Ngā marau: | |
| Ngā Tūtohu: |
Tāpirihia he Tūtohu
Kāore He Tūtohu, Me noho koe te mea tuatahi ki te tūtohu i tēnei pūkete!
|
MARC
| LEADER | 00000nam a2200000 a 4500 | ||
|---|---|---|---|
| 001 | UCQ4392 | ||
| 003 | CL-VaPUC | ||
| 008 | 980904e19780000CN |||||||||||||||||fre|d | ||
| 082 | 0 | 4 | |a C813 |b SAV |2 21 |
| 100 | 0 | |a Savard, Félix-Antoine |e author |9 418621 | |
| 245 | 1 | 0 | |a Menaud Maître-draveur |
| 300 | |a 214 p | ||
| 942 | |c BK | ||
| 945 | |d 19980904 00:00:00 |a crobeson | ||
| 260 | |a Montreal |b Fides |c 1978 | ||
| 650 | 0 | |a Novelas canadienses |9 261026 | |
| 650 | 0 | |a Literatura canadiense |9 342826 | |
| 583 | |a last modification |c 19980904 00:00:00 |k Rodrigo Vera | ||
| 490 | 0 | |a Bibliothèque Canadienne-Française | |
| 999 | |c 274773 |d 274771 | ||
| 952 | |0 0 |1 0 |4 0 |6 C_813_000000000000000_SAV_1978 |7 0 |8 A |9 311079 |a BIBEDU |b BIBEDU |d 2019-11-20 |i 1463667 |o C813 SAV 1978 |p 1463667 |r 2019-11-20 |w 2019-11-20 |y BK |k LIT | ||